{"text_format":"3","workbook":"xls","n_sheets":1,"sheets":["运动场总方案"],"not_rendered":{"images":11},"read":"whole","date_system":"1900","formulas":"cached_only"}

{"sheet":"运动场总方案","index":0,"n_rows":18,"n_cols":10,"rows_kept":18,"merged":[[0,0,0,9],[2,0,2,9],[17,0,17,7]],"flags":["formulas_cached_only"]}
["YYAUDIO LA线阵系列方案"]
["序号","设备名称","品牌","型号","技术参数","单位","数量","单价","小计","类似图"]
["一、体育馆扩声"]
[1,"双8寸线阵音箱","YYAUDIO","LA208","频率响应   60Hz-18kHz\n单元组成   2×8\"(200mm)/2\" voice coil LF\n1×1.4\"(36mm)/3\" voice coil HF\n额定功率   300W RMS,1200W peak\n灵敏度   98dB 1watt/1 metre\n声压级   124 dB continuous,130 dB peak\n额定阻抗   8 ohms nominal\n指向性   Horizontal coverage：120°Vertical coverage：Varies,depending on array length and configuration\n分频点   800Hz, 2kHz passive\n输入方式   2×Speakon NL4\n包装尺寸   770mm×480mm×840mm(Flight case/Pair) 515mm×350mm×890mm\n净重   31.4 kg/pc","只",24,9340,224160]
[2,"音箱吊架",null,"田子架","配套","只",4,600,2400]
[3,"单18寸线阵低音音箱","YYAUDIO","LA118S","频率响应   40Hz-300Hz\n单元组成   1×18\"(460mm)/4\"voice coil LF\n额定功率   600W RMS,2400W peak\n灵敏度   99dB 1watt/1 metre\n声压级   127 dB continuous,133 dB peak\n额定阻抗   8 ohms nominal\n输入方式   2×Speakon NL4\n包装尺寸   860m×745mm×750mm(Flight case/pc) 890mm×780mm×630mm\n净重   57 kg/pc\n毛重   93 kg/(Flight case/pc) 63.8 kg/pc","只",2,8970,17940]
[4,"4通道后级功放         ","YYAUDIO","G44000","4Ω：4*1650W;8Ω:4*1000W;16Ω4*500W.频率响应：+/-0.1db,10HZ+34KHZ;信噪比：>112dB；输入增益：23、26、29、32、35、38、41、44dB；输入接口：3-Pin XLR;输出连接端口：Neutrik Speakon;电源输入/频率：220V 50/60HZ 重量：11KG；可单声道、AB/CD混合声，AB/CD桥接，；输出限幅可调更好的保护音箱；","台",4,24650,98600]
[5,"16路调音台","SOUNDCRAFT","FX16II","声艺 FX16 II，16组话筒线路输入，专利设计的UltraMic前置放大器，内置广播级的Lexicon莱思康效果器，双效果，可编程，可修改参数，16组直接输出，可选择推子前或后，用作多轨录音或效果送出，3段英国风味的均衡器，中频可选项，18dB的高通滤波器，4组母线，4组立体声输入，100mm专业推子，48幻像供电，通道输入、编组和主输出都设有插入点，独立音量控制的单声道输出，接线通盘可以改变位置，配合不同的安装方式，可以安装在19\"机柜。","台",1,5635,5635]
[6,"音频处理器","SABINE","DIR360","产品特点：\n输入／输出：\n输入 2/3/4路平衡输入\n输出 4/6/8路平衡输出\n输入阻抗 10k欧姆\n输出阻抗 47欧姆\n最大输入电平 +20dBu\n最大输出电平 +20dBu\n系统性能：\n\n频率响应 15Hz-20kHz，<-0.25dB\n动态范围 >108dB，22Hz-22kHz不计权\n总谐波失真+噪声 <0.008%，20Hz-20kHz@+10dBu 平衡输入\n<0.0015%，1kHz@+10dBu 平衡输入\n等效输入噪声 <50uV\n采样率 96kHz\n信噪比 >100dB，20Hz-20kHz\n共模抑制比 >60dB\n内部通道串音 <-85dB\n模/数和数/模转换 24bit PCM\nDSP处理：\n\n参数均衡器 每输入/输出通道6段参数均衡\n延时器 每输入/输出通道1000毫秒\n分频器 Butterworth, Bessel, Linkwitz-Riley, 6, 12, 18, 24, 36, 48dB/octave\n处理延时 4.5ms\n外形尺寸（宽x高x深） 483 x 45 x 240毫米\n供电电源 50/60Hz，90-240伏交流电\n消耗功率 <20瓦\n净重 DIR-240/DIR-360：3.2公斤 DIR-480：3.5公斤","台",2,3840,7680]
[7,"反馈抑制器","DBX","AFS2","先进的afs2反馈抑制处理器已经完全重新设计，以最佳的销售afs224基础并把它的下一级。现在的afs2提供了高度直观的向导功能，所有的猜测，建立任何房间。的afs2还集成了一个完全重新设计的先进的反馈抑制模块。最好的是，现在的afs2为用户提供了一个完整的LCD显示设置和监测。\n\n以其强大的afs2 DSP模块，提供了所有的处理和控制的必要性和现场安装使用。十、十二滤波反馈消除处理器的事实上的标准，但afs2提供专用的反馈抑制处理器，提供高达24的过滤器和过滤器QS每通道达1／80倍频程。为了实现这些惊人的数字，利用改进AFS技术以前只在产品上的保级线已可使它在这个独立的处理器。除了反馈抑制滤波器提供了大量的afs2，还提供了可选模式，有源滤波的电梯，和类型的过滤，这些都是容易通过直观的用户界面面板。\n\n消除反馈，而不失你的声音的完整性\n24过滤器每通道的dbx afs2反馈抑制器是足够灵活，在繁忙的混合战斗可怕的反馈，而不降低您的整体健康。每个过滤器可以有一个带宽窄为1／80倍频，这意味着问题的频率被难以置信的精确度。方便的预置的语音，语音/音乐，音乐使它更容易预见的afs2程序材料和透明地做工作。\n保护个人的MIC，团体，甚至你的充分混合\n整合，afs2任何现场声音的装置很容易，你是否想保护一对麻烦的渠道或整个组合。连接afs2个别通道插入保证MIC不会反馈。把它放在组插入保护整个仪器部分。或连接到你的主afs2混合插入或你的混频器和放大器之间的斗争在整个阶段反馈。无论你是混合监视器或FOH，你会很高兴你在台有dbx afs2。\ndbx afs2先进的反馈抑制处理器的特点：\n双通道反馈抑制\n先进的AFS算法响应更快，比上一代更透明\n在任何一个房间里，由于向导设置模式，设置快捷方便\n易于管理，由于其明确的前面板显示和计量\n在任何应用程序中，预先设定的语音、语音/音乐和音乐的预设模式\n只是说没有反馈，与DBX afs2！\n技术规格\n渠道数2\n过滤器数量24\n输入：2 x 2 x 1 / 4 XLR，”\n输出2 x 2 x 1 / 4 XLR，”\n1U机架空间\n高度1.75\n深度5.75\n宽度19\n体重4.5磅。","台",1,4200,4200]
[8,"效果器","LEXICON","MX400 ","X400双路立体声/环绕声混响效果器\n   四进四出环绕声混响效果器适用于演播室和现场演出\n   Lexicon效果处理的完美音质，在过去的25年间，已经成为人们喜爱和争相仿效的对象。凭着Lexicon专利的“LexiChipTM”的支持，MPX550是一台具有专业性能的处理器，其令人惊喜的价格，使每位艺术家也能拥有“Lexicon”的声音。该处理器具备24比特双通处理功能，240个经典的真正立体声程序，24比特A／D和D／A转换器(工作于44.1或48kHz)，平衡式的模拟I／O(XLR和1/4“TRS形式)，S/PDIF数字I/O内置的通用型开关电源和直观的MIDI应用功能，MPX550竖立起该产品价位的新标准。分离式立体声、双通道操作使得MPX500可以当作两个完全独立的立体声处理器。\n   操作方便及物美价廉的完美组合，使得具有一流质量和性能的MPX550一鸣惊人-质量不折不扣，绝对是您所希望的Lexicon音质。\n   MX400技术规格\n   模拟音频输入：\n   连接器：4个1/4”TRS平衡或不平衡连接端口\n   阻　抗：平衡连接50kΩ；不平衡连接25kΩ\n   输入电平：普通正常值+4dBu，最大值为+24dBu，48kHz或44.1kHz\n   A/D变换：24bit，48kHz，128x过取样\n   模拟音频输出：\n   连接器：4个1/4”TRS平衡或不平衡连接端口\n   阻　抗：平衡连接2kΩ；不平衡连接1kΩ\n   输出电平：正常值为+4dBu或-10dBV（软件可用）\n   最大值为24dBu，48kHz或44.1kHz\n   D/A变换：24bit，48kHz，128x过取样\n   模拟音频信号特性：\n   频响特性：10Hz - 20kHz，+0dB/-0.5d\n   总谐波失真+噪声：小于0.0019%，10Hz - 20kHz\n   信号动态范围：大于109dB（A计权）\n   通道间串音：典型＜-80dB，20Hz - 20kHz\n   数字信号输入和输出：\n   连接器：双RCA（S/PDIF）\n   数据格式：S/PDIF 24bit\n   取样率：44.1kHz或48kHz\n   数据处理：3.7ms @ 48kHz\n   频响特性：10Hz - 22kHz±0.5dB @ 48kHz\n   控制接口：\n   USB：MX-EDIT Editor/Librarian和VST/Audio Units plug-ins为USB1.0\n   MIDI：5针DIN输入/输出\n   脚踏开关：1/4”插口\n   其他特性： \n   电　源：117V或230V交流，18w\n   体积（宽/高/深）：483×44×185mm","台",1,3100,3100]
[9,"一拖二无线手持话筒","JTS","US902D","预设16个频道\n锁相环回路设计.\n自动选讯功能使接收断讯降到最低.\n内建式静音及音码锁定回路可抑制干扰 .\n提供\"功能锁定\"之设计.\n液晶显示\n提供平衡式&非平衡式 6.3mm 输出座.\n可调整的天线，增进接收讯号之功能.\n1U金属机壳设计.\n规格参数：\n\n频率震荡模式 锁相环回路\n载波频率范围 502 ~ 960MHz\n讯号杂讯比 > 105dB\n总失真率 <0.6%@1KHz\n功能显示方式 液晶显示器\n功能显示内容 频率，天线 A/B，静音，声频/射频\n控制方式 ON/OFF, 频率上/下，频率扫描，音码锁定，声频\n音频输出准位 -12 dB\n音频输出阻抗 600Ω\n静音方式 静音及音码锁定回路\n电源供应 12-18VDC，600mA\n输出插头型式 2 个平衡式XLR接头\n1 个非平衡式 Φ6.3mm 接头\n尺寸(m/m) 420mm(宽) * 45mm(高) * 232mm(长)","套",3,2430,7290]
[10,"无线会议话筒","安度","R4/pro44","接收天线\n后置分离式设计\n预设频率数\n第1-6群组各预设8个无条件限制的互不干扰频率，第7-10群组各预设16个互不干扰频率，共预设12频率组合。最后第11群组是使用者自行设定及储存偏好的8个频率。\n振荡模式\nPLL电路，频率稳定≤±0.005%(-10~0°C)\n实用灵敏度\n输入10dBV时，S/N>80Db\n综合T.H.D.\n<0.5%@1KHz\n综合频率响应\n50Hz~18KHz\n静音控制模式\n音码及噪声锁定 双重静音控制\n音量输出\n各频道具有音控制器个别调整音量\n最大输出电压\n两段切换：line及Mic\n电源供应\n外加AC电源供应器，12~15VDC，1A\n尺寸\n420(宽)×44(高)×180(深)mm\n重量\n约1.4kg\n搭配发射器\nACT-30T\n备注\n1、稳中有降项规格若有误差，以实际产品为依据。\n \n2、载波频率范围、最大偏移度等以各国电波法规为依据","套",1,4600,4600]
[11,"电源时序器","声准","1018B","8路电源时序器","台",2,650,1300]
[12,"音响线","高强信",null,"2*3.0","卷",8,500,4000]
[13,"机柜",null,null,"22U加厚防滑防震两开门单支撑","台",1,950,950]
[14,"线材/接插件",null,null,"信号线，线管，音频线等接插件","批",1,2000,2000]
["合计",{"$nulls":7},670000]